La evaluación de proyectos (Registro nro. 23719)

Detalles MARC
000 -LEADER
fixed length control field 00320 a2200109 4500
001 - CONTROL NUMBER
control field ART_9599
005 - DATE AND TIME OF LATEST TRANSACTION
control field 20260410161837.0
008 - FIXED-LENGTH DATA ELEMENTS--GENERAL INFORMATION
fixed length control field 260409a
100 1# - MAIN ENTRY--PERSONAL NAME
Personal name Baigun, Alberto
245 10 - TITLE STATEMENT
Title La evaluación de proyectos
773 0# - HOST ITEM ENTRY
Title Contabilidad y administración
Related parts - Año 5, Nº 52 (oct. 1981)
Record control number REV5485

No hay ítems disponibles.